| 000 | 00608nam a22002297a 4500 | ||
|---|---|---|---|
| 003 | UA-OsUOA | ||
| 001 | 93325 | ||
| 007 | ta | ||
| 008 | 20130117b un ||||| |||| 00| 0 ukr d | ||
| 100 | _aГардер І. | ||
| 090 |
_a821.182.2 _bГ20 |
||
| 942 | _cBK | ||
| 040 |
_aUA-OsUOA _bukr _cUA-OsUOA _dUA-OsUOA |
||
| 245 |
_aМелодії, навіяні вітром _bповість |
||
| 300 | _a135 с. | ||
| 955 | _a3 | ||
| 041 | _aukr | ||
| 080 | _a821.182.2 | ||
| 260 |
_aК. _bМолодь _c1976 |
||
| 650 | 7 |
_a82 Література. Літературознавство _2UDC |
|
| 999 |
_c379570 _d379570 |
||